000 00548nam a2200193Ia 4500
008 120906t2003 xxu||||| |||| 00| 0 sin d
041 _asin
080 _a8-31 (eng)
_bSTE
100 _aStevenson,Robert Luvi
245 _aසම්පත් දූපත
246 _aSampath Dupatha
260 _aGunasena
_aColombo
_c2003
300 _b132p, 18 cm
500 _aSinhalese Translation Of Robert Luvi Stevenson's of Tresure Island
700 _aFenando,Edi
_etr.
942 _cBK
999 _c40648
_d40648
003 LK-CoDNM
040 _aLK-CoDNM
_dLK-CoDNM
_eLK-CoDNM